Départements Français de A à Z - Statistiques

Statistiques générales
  • Ce quiz a été pris 288 fois
  • Le résultat moyen est 18 sur 21
Statistiques - réponses
Lettre Ville(s) Département % Correct
B Marseille Bouches-du-Rhône
97%
F Quimper - Brest Finistère
96%
R Lyon Rhône
96%
H Montpellier Hérault
95%
V Toulon Var
91%
I Grenoble Isère
90%
Y Auxerre - Sens Yonne
89%
G Cayenne Guyane
88%
J Dole - Lons-le-Saunier Jura
88%
T Albi - Castres Tarn
88%
D Besançon - Montbéliard Doubs
81%
L Orléans Loiret
81%
O Beauvais Oise
81%
C Dijon - Beaune Côte-d'Or
80%
S Mâcon - Châlon-sur-Saône Saône-et-Loire
80%
A Vichy - Moulins - Montluçon Allier
79%
W (Collectivités d'Outre-mer) Wallis-et-Futuna
78%
E Évreux - Bernay Eure
77%
N Nevers Nièvre
77%
P Clermont-Ferrand - Riom Puy-de-Dôme
77%
M Bar-le-Duc - Verdun Meuse
74%
Aucun quiz correspondant
Distribution des résultats
% des personnes avec chaque résultat
Percentile par nombre de réponses
Votre historique - résultats
Vous n’avez pas pris ce quiz